00462nam a2200133 a 450000100100000000500170001000800410002704000250006808200230009310000370011624501010015326000460025430000280030000004521120201002045953.0150210s2004 dr a 000 0 spa d aDO-SdBNPbspacBNPHU axxxxxxxxbxxxxxxxx1 aPérez Pérez, Milvio Bernardo10aExposición gráfica Movimiento Revolucionario 14 de Junio /cMilvio Bernardo Pérez Pérez. aSanto Domingo :bEne publicidad,c[s.f.]. a138 p. :bil. ;c21 cm.